| 000 | 00498nam a22001812 4500 | ||
|---|---|---|---|
| 001 | 0000008911 | ||
| 005 | 20151217160119.0 | ||
| 008 | 080617s xx 000 0 eng d | ||
| 020 |
_a0823405052 : _cKES |
||
| 040 |
_aKABU _cKABU |
||
| 100 | 1 |
_aKroll, Steven. _@0000159702 |
|
| 245 | 1 | 4 |
_aThe Biggest pumpkin ever / _cSteven Kroll. |
| 260 |
_aNew York : _bHoliday House, _c1984. |
||
| 300 | _a[32] p. | ||
| 908 | _a080617 | ||
| 950 | _@1 | ||
| 999 |
_c14458 _d14458 |
||